| 000 | 00357nam a22001457a 4500 | ||
|---|---|---|---|
| 003 | OSt | ||
| 008 | 220618b |||||||| |||| 00| 0 eng d | ||
| 020 | _a9781641160025 | ||
| 082 |
_a624.15136 _bMEN/PR |
||
| 245 | _aPrinciples of soil mechanics | ||
| 260 |
_aNew York _bCallisto Reference _c2018 |
||
| 300 | _a254 | ||
| 700 |
_aMenard, Ian _95222 |
||
| 942 | _cBK | ||
| 999 |
_c17526 _d17526 |
||